000 00316nam a22001337a 4500
008 171108b xxu||||| |||| 00| 0 eng d
020 _a9781557388629
041 _aeng
080 _27TH
_a330.322
100 _a64
101 _aINV
245 _aINTEREST RATE SPREADS & MARKET ANALYSIS
_cCITICORP
942 _2udc
_cBK
999 _c38193
_d38193